[Event "IRT Memorial Victorio Riego"]
[Site "Asunción"]
[Date "2011.01.11"]
[Round "6.1"]
[White "Coronel, Dario"]
[Black "Latorre, Matias"]
[Result "1-0"]
[WhiteElo "1982"]
[BlackElo "2093"]
[PlyCount "73"]
[EventDate "2011.01.06"]

1. e4 c5 2. Nc3 e6 3. g3 Nc6 4. Bg2 g6 5. d3 Bg7 6. Be3 d6 7. f4 Nge7 8. Nf3 b6
9. O-O Ba6 10. Kh1 Qd7 11. a4 O-O 12. g4 d5 13. Bd2 dxe4 14. Nxe4 c4 15. Bc3
cxd3 16. Bxg7 Kxg7 17. Qd2 Rad8 18. Qc3+ f6 19. Nxf6 Rxf6 20. g5 Nd5 21. gxf6+
Kf7 22. Qxc6 Qxc6 23. Ne5+ Kxf6 24. Nxc6 Rc8 25. Bxd5 exd5 26. Nb4 Bb7 27. cxd3
a5 28. Rfc1 axb4 29. Rxc8 Bxc8 30. Rc1 Bd7 31. b3 Ke7 32. Kg1 Kd6 33. Kf2 b5
34. a5 d4 35. a6 Bc6 36. a7 Bb7 37. Rc8 1-0

[Event "IRT Memorial Victorio Riego"]
[Site "Asunción"]
[Date "2011.01.11"]
[Round "6.2"]
[White "Diaz, Ramon"]
[Black "Riline, Alejandro"]
[Result "0-1"]
[WhiteElo "1861"]
[BlackElo "2218"]
[PlyCount "76"]
[EventDate "2011.01.06"]

1. e4 Nf6 2. e5 Nd5 3. d4 d6 4. Nf3 dxe5 5. Nxe5 c6 6. Be2 Bf5 7. O-O Nd7 8.
Bg4 Bxg4 9. Nxg4 e6 10. c4 N5b6 11. Ne3 Nf6 12. Nc3 Bb4 13. Ne2 Be7 14. a4 a5
15. b3 O-O 16. Bb2 Re8 17. Qc2 Bf8 18. Rad1 Qc7 19. Ng3 Nbd7 20. Ne4 Rac8 21.
h3 Qf4 22. Nxf6+ Nxf6 23. c5 Qc7 24. Nc4 Nd7 25. Bc3 Ra8 26. Qd2 e5 27. Bxa5
Qb8 28. Nb6 Nxb6 29. Bxb6 exd4 30. Qxd4 Qe5 31. a5 Qf5 32. Qd7 Re6 33. Qxb7
Rae8 34. a6 Rg6 35. Qd7 Qf3 36. g4 Qxh3 37. Bc7 Rh6 38. f3 Re2 0-1

[Event "IRT Memorial Victorio Riego"]
[Site "Asunción"]
[Date "2011.01.11"]
[Round "6.3"]
[White "Chaves, Nicolas"]
[Black "Almiron, Antonio"]
[Result "1/2-1/2"]
[WhiteElo "1794"]
[BlackElo "2140"]
[PlyCount "83"]
[EventDate "2011.01.06"]

1. Nf3 c5 2. c3 Nf6 3. d4 e6 4. Bf4 b6 5. e3 Bb7 6. Nbd2 cxd4 7. exd4 Be7 8.
Bd3 O-O 9. O-O d6 10. h3 Nbd7 11. Qe2 Re8 12. Rfe1 e5 13. Bh2 Bf8 14. dxe5 dxe5
15. Ng5 h6 16. Nge4 Nd5 17. Bc2 Rc8 18. Rad1 Qc7 19. Bb3 Rcd8 20. Qc4 Bc6 21.
Nf3 b5 22. Qe2 N7b6 23. Rd2 Nf4 24. Bxf4 exf4 25. Rxd8 Qxd8 26. Qc2 a5 27. a3
a4 28. Ba2 Nc4 29. Bxc4 bxc4 30. Nd4 Bd7 31. Re2 Qa8 32. Nd2 Rxe2 33. Nxe2 Qd5
34. Nf3 g5 35. Qd2 Qe6 36. Ned4 Qd5 37. Qe1 Qb7 38. Ne5 Bc8 39. Qe2 Qe7 40.
Nec6 Qc5 41. Qe8 Bb7 42. Nd8 1/2-1/2

[Event "IRT Memorial Victorio Riego"]
[Site "Asunción"]
[Date "2011.01.11"]
[Round "6.4"]
[White "Rivas, Jose"]
[Black "Torres, Mauricio"]
[Result "0-1"]
[WhiteElo "1775"]
[BlackElo "1605"]
[PlyCount "92"]
[EventDate "2011.01.06"]

1. e4 c5 2. Nf3 Nc6 3. d4 cxd4 4. Nxd4 g6 5. Nc3 Bg7 6. Be3 Nf6 7. f3 O-O 8.
Qd2 d5 9. Nxc6 bxc6 10. e5 Nd7 11. f4 e6 12. Na4 Re8 13. Nc5 Bf8 14. Qc3 Rb8
15. Rb1 h6 16. a3 Nxc5 17. Bxc5 Bxc5 18. Qxc5 Qb6 19. Qxb6 axb6 20. g4 Bd7 21.
h4 c5 22. h5 Kg7 23. Kf2 b5 24. Ra1 b4 25. b3 bxa3 26. Rxa3 Ra8 27. Rxa8 Rxa8
28. Bd3 Ra2 29. Rc1 c4 30. bxc4 dxc4 31. Be2 c3 32. Ke3 g5 33. fxg5 hxg5 34.
Bd3 Ra5 35. Rh1 Rxe5+ 36. Kd4 Rd5+ 37. Kxc3 f5 38. Be2 Re5 39. Bd1 Bb5 40. Rg1
Re3+ 41. Kd2 f4 42. Rg2 e5 43. Be2 f3 44. Bxf3 Rxf3 45. Rg1 e4 46. Rb1 e3+ 0-1

[Event "IRT Memorial Victorio Riego"]
[Site "Asunción"]
[Date "2011.01.11"]
[Round "6.5"]
[White "Heinechen, John"]
[Black "Chang, Suzana"]
[Result "1/2-1/2"]
[WhiteElo "1788"]
[BlackElo "2028"]
[PlyCount "134"]
[EventDate "2011.01.06"]

1. e4 c5 2. Nf3 e6 3. d4 cxd4 4. Nxd4 a6 5. Nc3 Qc7 6. Be3 Nf6 7. f4 Bb4 8. Bd3
Bxc3+ 9. bxc3 Qxc3+ 10. Kf2 d5 11. e5 Ne4+ 12. Bxe4 dxe4 13. Ne2 Qc6 14. Rf1
O-O 15. Kg1 b5 16. Ng3 Nd7 17. Qg4 f5 18. Qg5 h6 19. Qg6 Rf7 20. Rad1 Nf8 21.
Rd8 Bd7 22. Rxf8+ Raxf8 23. Rd1 Be8 24. Rd6 Qc3 25. Nf1 Re7 26. Qg3 Rd7 27.
Rxe6 Bf7 28. Rxh6 Bc4 29. Rd6 Rxd6 30. exd6 Bxf1 31. Kxf1 Qxc2 32. Qg6 Qc4+ 33.
Ke1 Qc3+ 34. Kf2 Qf6 35. Qxf6 Rxf6 36. Bc5 Rf7 37. Ke3 Rd7 38. Kd4 e3 39. Kxe3
Kf7 40. g4 g6 41. gxf5 gxf5 42. Kd4 Ke6 43. Bb4 Rd8 44. a3 Rc8 45. h4 Rc1 46.
h5 Rd1+ 47. Kc5 Rxd6 48. h6 Kd7 49. h7 Rh6 50. Kd5 Rxh7 51. Ke5 Rf7 52. Ba5 Ke8
53. Bb4 Rd7 54. Kxf5 Kf7 55. Ke5 Rd3 56. Ke4 Rb3 57. Kd5 Kf6 58. Kc6 Re3 59.
Kb6 Re6+ 60. Ka5 Kf5 61. Bc5 Kxf4 62. Bb6 Re4 63. Kxa6 Ra4+ 64. Kxb5 Rxa3 65.
Kc6 Ke5 66. Bc7+ Ke6 67. Kb7 Kd7 1/2-1/2

[Event "IRT Memorial Victorio Riego"]
[Site "Asunción"]
[Date "2011.01.11"]
[Round "6.6"]
[White "Gamarra, Ramon"]
[Black "Fretes, Hector"]
[Result "1-0"]
[WhiteElo "2022"]
[BlackElo "1717"]
[PlyCount "61"]
[EventDate "2011.01.06"]

1. c4 Nf6 2. Nc3 g6 3. g3 Bg7 4. Bg2 d6 5. e3 O-O 6. Nge2 c6 7. O-O e5 8. Rb1
a5 9. d3 Na6 10. a3 Rb8 11. b4 axb4 12. axb4 b5 13. Bxc6 bxc4 14. b5 cxd3 15.
Qxd3 Nc5 16. Qc4 Be6 17. Nd5 Nfe4 18. f3 Ng5 19. e4 h5 20. h4 Nh3+ 21. Kg2 g5
22. hxg5 Nxg5 23. Rh1 f5 24. Rxh5 fxe4 25. Bxg5 exf3+ 26. Kg1 Qa5 27. Nec3 e4
28. Nxe4 Nxe4 29. Qxe4 f2+ 30. Kf1 Bf5 31. Ne7+ 1-0

[Event "IRT Memorial Victorio Riego"]
[Site "Asunción"]
[Date "2011.01.11"]
[Round "6.7"]
[White "Lipiniks, Leonardo"]
[Black "Aquino, Carlos"]
[Result "1-0"]
[WhiteElo "1863"]
[BlackElo "1745"]
[PlyCount "73"]
[EventDate "2011.01.06"]

1. c4 f5 2. d4 Nf6 3. Nc3 d6 4. f3 g6 5. e4 Bg7 6. Bd3 e5 7. dxe5 dxe5 8. exf5
gxf5 9. Nge2 O-O 10. O-O Na6 11. a3 c6 12. Be3 Be6 13. Qc2 Nd7 14. b4 Qf6 15.
Kh1 Qf7 16. g4 f4 17. Bxh7+ Kh8 18. Ne4 Bf6 19. Nxf6 Qxf6 20. Bg1 Rf7 21. Bd3
Rg8 22. Nc3 Qh4 23. Ne4 Nf6 24. Qf2 Qh6 25. Nd6 Rfg7 26. Nf5 Bxf5 27. Bxf5 e4
28. fxe4 Rxg4 29. Bxg4 Rxg4 30. Rfe1 Nh5 31. Qd4+ Kh7 32. Qd7+ Rg7 33. Qf5+ Rg6
34. Bf2 Ng3+ 35. Bxg3 fxg3 36. Re2 Nc7 37. Rg2 1-0

[Event "IRT Memorial Victorio Riego"]
[Site "Asunción"]
[Date "2011.01.11"]
[Round "6.9"]
[White "Florentin, Damaso"]
[Black "Deus Filho, Joaquim De"]
[Result "0-1"]
[WhiteElo "1775"]
[BlackElo "2107"]
[PlyCount "130"]
[EventDate "2011.01.06"]

1. d4 Nf6 2. Nf3 g6 3. c4 c5 4. e3 Bg7 5. Nc3 O-O 6. Be2 Nc6 7. d5 Nb8 8. O-O
d6 9. h3 a6 10. a4 b6 11. e4 Nbd7 12. Bf4 Rb8 13. Qc2 Nh5 14. Bh2 Bh6 15. e5
Nf4 16. exd6 exd6 17. Rfe1 Nf6 18. Bf1 Bf5 19. Qd1 Re8 20. g4 Nxg4 21. Rxe8+
Qxe8 22. hxg4 Bxg4 23. Bxf4 Bxf4 24. Qe2 Qf8 25. Qe4 Qh6 26. Bg2 Bf5 27. Qe7 g5
28. Ne4 Qg6 29. Nexg5 h6 30. Nh4 Qh5 31. Nxf5 Qh2+ 32. Kf1 Bxg5 33. Qe4 Bf6 34.
Ra3 Qh5 35. Rg3+ Kf8 36. Bf3 Qh2 37. Nxd6 Bd4 38. Bg2 Rd8 39. Qf4 Qh5 40. Bf3
Be5 41. Qf5 Qxf5 42. Nxf5 Bxg3 43. Nxh6 Be5 44. b3 Kg7 45. Ng4 Bd4 46. Be4 Kf8
47. Kg2 Ke7 48. Kf3 Rh8 49. Kg3 f6 50. f4 Kd6 51. Kg2 Rb8 52. Nh6 Bc3 53. Nf5+
Kd7 54. Bd3 Re8 55. Kf2 Re1 56. Ng3 Ra1 57. Bf5+ Kd8 58. Ne4 Bd4+ 59. Kf3 Ra3
60. Nd6 Rxb3+ 61. Kg4 Rb4 62. Nb7+ Kc7 63. d6+ Kxb7 64. Be6 Kc6 65. d7 Kc7 0-1

[Event "IRT Memorial Victorio Riego"]
[Site "Asunción"]
[Date "2011.01.11"]
[Round "6.10"]
[White "Torres, Christian"]
[Black "Rezende, Guilherme Vilela"]
[Result "0-1"]
[WhiteElo "1670"]
[BlackElo "1975"]
[PlyCount "70"]
[EventDate "2011.01.06"]

1. e4 c5 2. Nf3 e6 3. d4 cxd4 4. Nxd4 a6 5. Nc3 Qc7 6. Be3 Bb4 7. Qd2 Nf6 8. f3
d5 9. Bd3 e5 10. Nb3 d4 11. Nxd4 exd4 12. Bxd4 Nc6 13. Bf2 Ne5 14. O-O Bxc3 15.
bxc3 Be6 16. Bg3 Nh5 17. Bf2 O-O 18. Bd4 Nc6 19. Qg5 g6 20. Rfb1 Nxd4 21. cxd4
Bc4 22. Qe3 Bxd3 23. Qxd3 Rac8 24. Qb3 Qxc2 25. Qxb7 Qd2 26. Rd1 Qe3+ 27. Kh1
Rc2 28. Qxa6 Nf4 29. Qf1 Rxg2 30. Rd3 Rxh2+ 31. Kxh2 Nxd3 32. a4 Rc8 33. Ra2
Rc1 34. Qg2 Qh6+ 35. Kg3 Qg5+ 0-1

[Event "IRT Memorial Victorio Riego"]
[Site "Asunción"]
[Date "2011.01.11"]
[Round "6.11"]
[White "Herrero, Juan Luis"]
[Black "Roman, Rodrigo"]
[Result "0-1"]
[WhiteElo "1327"]
[BlackElo "1960"]
[PlyCount "62"]
[EventDate "2011.01.06"]

1. e4 c5 2. Nf3 Nc6 3. d4 cxd4 4. Nxd4 Nf6 5. Nc3 e5 6. Nxc6 bxc6 7. Bg5 Bc5 8.
Bc4 Qb6 9. O-O Be7 10. Bb3 Ba6 11. Re1 h6 12. Be3 Qc7 13. Qf3 d6 14. Rad1 Bc8
15. Qg3 g5 16. f3 Nh5 17. Qf2 Nf4 18. Ba4 O-O 19. Bxf4 gxf4 20. g3 fxg3 21.
hxg3 Bd7 22. Kh2 Qb6 23. Qxb6 axb6 24. Bb3 b5 25. a3 Kg7 26. Kg1 f5 27. f4 fxe4
28. fxe5 d5 29. Nxe4 Bg4 30. Rd2 dxe4 31. e6 Rad8 0-1

[Event "IRT Memorial Victorio Riego"]
[Site "Asunción"]
[Date "2011.01.11"]
[Round "6.12"]
[White "Rivarola, Paul"]
[Black "Saldana, Fernando Javier"]
[Result "1-0"]
[WhiteElo "1700"]
[BlackElo "1759"]
[PlyCount "81"]
[EventDate "2011.01.06"]

1. d4 Nf6 2. f4 d6 3. Nf3 g6 4. e3 Bg7 5. Bd3 c5 6. c3 Nbd7 7. O-O O-O 8. b4 b6
9. f5 Bb7 10. Nbd2 e5 11. fxe6 fxe6 12. bxc5 dxc5 13. Ng5 Qe7 14. Bc4 Bd5 15.
Qb3 Bxc4 16. Qxc4 Nd5 17. Ndf3 cxd4 18. cxd4 Rfc8 19. Qa4 h6 20. Ne4 Nc3 21.
Nxc3 Rxc3 22. Bd2 Rc7 23. Bb4 Qe8 24. Rac1 Rac8 25. Rxc7 Rxc7 26. Bd6 Rc3 27.
Qxa7 Rxe3 28. Rc1 Rxf3 29. gxf3 Bxd4+ 30. Kg2 Qd8 31. Bg3 Nc5 32. Rd1 e5 33.
Bxe5 Qg5+ 34. Bg3 Qe3 35. Re1 Qd2+ 36. Kh3 Bg7 37. Qxb6 Qd7+ 38. Kg2 Qd2+ 39.
Kh1 Qd5 40. Qxg6 Qxf3+ 41. Kg1 1-0

[Event "IRT Memorial Victorio Riego"]
[Site "Asunción"]
[Date "2011.01.11"]
[Round "6.13"]
[White "Riva, Eric"]
[Black "Estigarribia, Marcos"]
[Result "1-0"]
[WhiteElo "1690"]
[BlackElo "1669"]
[PlyCount "75"]
[EventDate "2011.01.06"]

1. Nf3 g6 2. g3 Bg7 3. Bg2 e5 4. d3 d6 5. O-O c5 6. c4 Nc6 7. Nc3 f5 8. Rb1 Nf6
9. a3 a5 10. Bg5 O-O 11. Nd5 Be6 12. Nxf6+ Bxf6 13. Bxf6 Qxf6 14. e3 g5 15. Nd2
Bd7 16. f4 exf4 17. exf4 Qd4+ 18. Kh1 gxf4 19. Nf3 Qf6 20. gxf4 Rf7 21. Ng5 Rg7
22. Bd5+ Kf8 23. Qh5 h6 24. Qh4 Rxg5 25. fxg5 hxg5 26. Qh7 Ne7 27. Rbe1 Nxd5
28. Qxd7 Nf4 29. Rxf4 gxf4 30. Re6 Qxb2 31. Qxd6+ Kg8 32. Rg6+ Kh7 33. Rh6+ Kg8
34. Qe6+ Kf8 35. Qxf5+ Ke8 36. Re6+ Kd8 37. Qf8+ Kc7 38. Qd6+ 1-0

[Event "IRT Memorial Victorio Riego"]
[Site "?"]
[Date "2011.01.12"]
[Round "7.3"]
[White "Almiron, Antonio"]
[Black "Gamarra, Ramon"]
[Result "0-1"]
[WhiteElo "2140"]
[BlackElo "2022"]
[PlyCount "50"]
[EventDate "2011.01.08"]

1. e4 c5 2. Nf3 d6 3. d4 cxd4 4. Nxd4 Nf6 5. Nc3 a6 6. f3 e5 7. Nb3 Be6 8. Be3
Nbd7 9. g4 h6 10. Qd2 Qc7 11. O-O-O Be7 12. h4 b5 13. Nd5 Bxd5 14. exd5 Rc8 15.
Rh2 Nb6 16. Bxb6 Qxb6 17. Kb1 b4 18. Bh3 Rc4 19. Qd3 Rf4 20. g5 Nd7 21. g6 Rf8
22. gxf7+ R8xf7 23. Qg6 Nf8 24. Qh5 g6 25. Qxh6 Rh7 0-1

[Event "IRT Memorial Victorio Riego"]
[Site "?"]
[Date "2011.01.12"]
[Round "7.4"]
[White "Chaves, Nicolas"]
[Black "Diaz, Ramon"]
[Result "1-0"]
[WhiteElo "1794"]
[BlackElo "1861"]
[PlyCount "75"]
[EventDate "2011.01.08"]

1. e4 e5 2. Nf3 d6 3. d4 exd4 4. Nxd4 Nf6 5. Nc3 Be7 6. Be2 O-O 7. O-O Re8 8.
f4 Bf8 9. Bf3 Nbd7 10. Re1 g6 11. b3 h5 12. Bb2 Bg7 13. Qd2 Nb6 14. Rad1 Bg4
15. Qf2 Bxf3 16. Qxf3 Nfd7 17. Qg3 Kh7 18. Nf3 Bh6 19. a4 Qf6 20. e5 Qxf4 21.
Qxf4 Bxf4 22. a5 Nc8 23. Nd5 Ne7 24. Nxf4 Nxe5 25. Nxe5 dxe5 26. Bxe5 Nc6 27.
Bxc7 Rxe1+ 28. Rxe1 Rc8 29. Nd5 g5 30. c3 Kg7 31. b4 a6 32. Bb6 f6 33. Ne7 Nxe7
34. Rxe7+ Kg6 35. Bd4 f5 36. Re6+ Kh7 37. Rf6 f4 38. h4 1-0

[Event "IRT Memorial Victorio Riego"]
[Site "?"]
[Date "2011.01.12"]
[Round "7.1"]
[White "Torres, Mauricio"]
[Black "Coronel, Dario"]
[Result "1/2-1/2"]
[WhiteElo "1605"]
[BlackElo "1982"]
[PlyCount "44"]
[EventDate "2011.01.08"]

1. e4 c5 2. Nc3 e6 3. g3 Nc6 4. Bg2 d6 5. f4 g6 6. Nf3 Bg7 7. O-O Nge7 8. d3
O-O 9. Be3 b5 10. Rb1 b4 11. Ne2 Qa5 12. a3 Rb8 13. axb4 Nxb4 14. Nc3 d5 15.
exd5 exd5 16. Bf2 d4 17. Ne4 Qc7 18. Re1 Ned5 19. Bf1 Re8 20. Ra1 Bb7 21. c3
dxc3 22. bxc3 Na6 1/2-1/2

[Event "IRT Memorial Victorio Riego"]
[Site "?"]
[Date "2011.01.12"]
[Round "7.8"]
[White "Fretes, Hector"]
[Black "Rezende, Guilherme"]
[Result "1/2-1/2"]
[WhiteElo "1717"]
[BlackElo "1975"]
[PlyCount "69"]
[EventDate "2011.01.08"]

1. d4 Nf6 2. c4 e6 3. Nc3 Bb4 4. f3 d5 5. a3 Bxc3+ 6. bxc3 O-O 7. Bg5 h6 8. Bh4
Nbd7 9. e3 c5 10. Bd3 cxd4 11. exd4 dxc4 12. Bxc4 Qc7 13. Qd3 Nb6 14. Bb3 Nbd5
15. Ne2 Nh5 16. Bc2 f5 17. Bg3 Nxg3 18. hxg3 b5 19. a4 bxa4 20. Bxa4 a5 21. Bb5
Bd7 22. Bxd7 Qxd7 23. O-O Rfc8 24. Ra3 Nb6 25. Nf4 Nc4 26. Ra2 a4 27. Re1 Ra6
28. Rae2 a3 29. Rxe6 Rxe6 30. Nxe6 a2 31. Qxf5 Nd2 32. Ra1 Ra8 33. Rxa2 Rxa2
34. Qf8+ Kh7 35. Qf5+ 1/2-1/2

[Event "IRT Memorial Victorio Riego"]
[Site "?"]
[Date "2011.01.12"]
[Round "7.9"]
[White "Roman, Rodrigo"]
[Black "Riva, Eric"]
[Result "1-0"]
[WhiteElo "1960"]
[BlackElo "1690"]
[PlyCount "35"]
[EventDate "2011.01.08"]

1. c4 e6 2. e4 c5 3. Nc3 Nc6 4. Nf3 g6 5. d4 cxd4 6. Nxd4 Bg7 7. Ndb5 d5 8.
exd5 a6 9. dxc6 axb5 10. Qxd8+ Kxd8 11. cxb7 Bxc3+ 12. bxc3 Bxb7 13. cxb5 Ne7
14. Bg5 h6 15. Bf6 Rg8 16. c4 Rc8 17. a4 Ke8 18. a5 1-0

[Event "IRT Memorial Victorio Riego"]
[Site "?"]
[Date "2011.01.12"]
[Round "7.6"]
[White "Chang, Suzana"]
[Black "Rivas, Jose"]
[Result "1/2-1/2"]
[WhiteElo "2028"]
[BlackElo "1775"]
[PlyCount "62"]
[EventDate "2011.01.08"]

1. c4 Nf6 2. Nc3 g6 3. d4 Bg7 4. Nf3 O-O 5. Bf4 d6 6. e3 Nc6 7. Be2 a6 8. O-O
Nh5 9. Bg5 h6 10. Bh4 g5 11. Nd2 Nf6 12. Bg3 e5 13. dxe5 Nxe5 14. h4 Nfg4 15.
hxg5 hxg5 16. Nf3 f5 17. Nxe5 Nxe5 18. Qd5+ Kh8 19. Bxe5 Bxe5 20. f4 Bxc3 21.
bxc3 g4 22. g3 Qf6 23. Kf2 Kg7 24. Rh1 c6 25. Qd4 Be6 26. Rh5 Qxd4 27. cxd4 Rh8
28. Rah1 Rxh5 29. Rxh5 Rh8 30. Rxh8 Kxh8 31. a4 a5 1/2-1/2

[Event "IRT Memorial Victorio Riego"]
[Site "?"]
[Date "2011.01.12"]
[Round "7.5"]
[White "Latorre, Matias"]
[Black "Heinechen, John"]
[Result "1-0"]
[WhiteElo "2093"]
[BlackElo "1788"]
[PlyCount "90"]
[EventDate "2011.01.08"]

1. d4 d6 2. Nf3 Bg4 3. g3 Nf6 4. Bg2 Bxf3 5. Bxf3 d5 6. c4 e6 7. Qb3 Nc6 8.
cxd5 Nxd5 9. e3 Bb4+ 10. Nc3 O-O 11. O-O Bxc3 12. bxc3 Rb8 13. e4 Nb6 14. e5
Qd7 15. Be4 Nxd4 16. cxd4 Qxd4 17. Qb1 Qxe5 18. Bxh7+ Kh8 19. Bf4 Qh5 20. Be4
e5 21. Be3 f5 22. Bxb6 axb6 23. Bh1 Rf6 24. Qd1 Qh7 25. Qd5 Re8 26. Qd7 Qg6 27.
Rfe1 f4 28. Qh3+ Qh6 29. Qxh6+ gxh6 30. Bxb7 h5 31. Rac1 c5 32. Rc4 h4 33. gxf4
Rg8+ 34. Kf1 exf4 35. Re5 Rg7 36. Bd5 Rd7 37. Ra4 Kg7 38. Kg2 b5 39. Ra5 Rb6
40. Be4 Rd4 41. Kf3 Rc4 42. Kxf4 Rf6+ 43. Kg5 Rxf2 44. Ra7+ Kf8 45. Bc6 Rf7 1-0

[Event "IRT Memorial Victorio Riego"]
[Site "?"]
[Date "2011.01.12"]
[Round "7.2"]
[White "Riline, Alejandro"]
[Black "Lipiniks, Leonardo"]
[Result "1-0"]
[WhiteElo "2218"]
[BlackElo "1863"]
[PlyCount "83"]
[EventDate "2011.01.08"]

1. d4 d5 2. c4 c6 3. Nf3 Nf6 4. g3 e6 5. Bg2 Be7 6. Qc2 O-O 7. O-O Ne4 8. Nfd2
f5 9. f3 Nf6 10. e3 h5 11. Nc3 h4 12. Ne2 hxg3 13. hxg3 Qe8 14. Kf2 Bd6 15. b3
Nbd7 16. Rh1 Qg6 17. Nf4 Bxf4 18. gxf4 Rf7 19. Bb2 Nf8 20. Rag1 N6h7 21. Rh2
Bd7 22. Ba3 Re8 23. Rgh1 Rf6 24. Bd6 Bc8 25. b4 a6 26. Nb3 Kf7 27. Be5 Ke7 28.
Bf1 Kd8 29. a4 Qf7 30. Bxf6+ Nxf6 31. b5 axb5 32. cxb5 cxb5 33. Bxb5 Re7 34.
Rc1 Rc7 35. Qd2 Rxc1 36. Nxc1 Qc7 37. Rh8 N6h7 38. Nd3 b6 39. Ne5 g6 40. Qb4
Qg7 41. Qd6+ Bd7 42. Bxd7 1-0

[Event "IRT Memorial Victorio Riego"]
[Site "?"]
[Date "2011.01.12"]
[Round "7.11"]
[White "Aquino, Carlos"]
[Black "Torres, Christian"]
[Result "0-1"]
[WhiteElo "1745"]
[BlackElo "1670"]
[PlyCount "74"]
[EventDate "2011.01.08"]

1. e4 e5 2. d4 exd4 3. Qxd4 Nc6 4. Qe3 d6 5. Nc3 g6 6. Bd2 Bg7 7. O-O-O Nge7 8.
Bc4 Bd7 9. Nge2 Ne5 10. Bb3 a5 11. a4 N7c6 12. f4 Ng4 13. Qg3 O-O 14. h3 Nf6
15. Qf3 Re8 16. g4 Qe7 17. Rde1 Nxe4 18. Ng3 Nxd2 19. Kxd2 Qf6 20. Nge4 Qd4+
21. Kc1 Nb4 22. f5 d5 23. fxg6 hxg6 24. Rd1 Qe5 25. Rhf1 Be6 26. Nc5 Bh6+ 27.
Kb1 Qe3 28. Nxb7 Qxf3 29. Rxf3 Bf8 30. Nb5 Reb8 31. Nxc7 Ra7 32. Nxe6 fxe6 33.
Rxf8+ Kxf8 34. Nc5 Re7 35. Re1 Rb6 36. Rf1+ Kg7 37. c4 Rc7 0-1

[Event "IRT Memorial Victorio Riego"]
[Site "?"]
[Date "2011.01.12"]
[Round "7.14"]
[White "Saldana, Fernando"]
[Black "Estigarribia, Marcos"]
[Result "1-0"]
[WhiteElo "1759"]
[BlackElo "1669"]
[PlyCount "145"]
[EventDate "2011.01.08"]

1. Nf3 d5 2. d4 c6 3. Bf4 e6 4. Nbd2 f5 5. e3 Be7 6. Bd3 Nf6 7. Qe2 Nbd7 8. O-O
c5 9. c3 O-O 10. Rad1 c4 11. Bb1 Ne4 12. h3 h6 13. Ne5 Nxe5 14. Bxe5 Bf6 15.
Nf3 Bd7 16. Bxf6 Qxf6 17. Ne5 Be8 18. Kh2 Qg5 19. Qe1 Qe7 20. f4 h5 21. Bxe4
fxe4 22. Rf2 g5 23. fxg5 Qxg5 24. Rxf8+ Kxf8 25. Qf2+ Ke7 26. Rf1 Bg6 27. Qf4
Qxf4+ 28. Rxf4 Be8 29. g4 hxg4 30. Rxg4 Kf6 31. Rf4+ Kg7 32. Kg3 Bh5 33. Kh4
Rh8 34. Kg5 Be8 35. Rh4 Rf8 36. Rf4 Rh8 37. Kg4 b5 38. a3 a5 39. Kg3 a4 40.
Rg4+ Kf6 41. h4 Bh5 42. Rg5 Bf3 43. Rg6+ Ke7 44. Rg7+ Ke8 45. Ng6 Rh6 46. Re7+
Kd8 47. Rxe6 Rh7 48. Nf4 Kd7 49. Rg6 Rh8 50. Nxd5 Rf8 51. Nf4 Rf5 52. Rg5 Rf8
53. Ng6 Rf6 54. Ne5+ Ke7 55. Ng6+ Kf7 56. Nf4 Rb6 57. h5 Rb8 58. Kh4 Kf6 59.
Rg6+ Kf7 60. h6 Rh8 61. Kg5 Rh7 62. Rf6+ Ke7 63. Kg6 Rxh6+ 64. Kxh6 Kxf6 65.
Nd5+ Kf5 66. Nc7 Kg4 67. Nxb5 Be2 68. d5 Kg3 69. d6 Bg4 70. Kg5 Bd7 71. Nd4 Bh3
72. Nf5+ Kf3 73. d7 1-0

[Event "IRT Memorial Victorio Riego"]
[Site "?"]
[Date "2011.01.12"]
[Round "7.7"]
[White "Deus Filho, Joaquim De"]
[Black "Apuril, Jose"]
[Result "0-1"]
[WhiteElo "2107"]
[BlackElo "1845"]
[PlyCount "100"]
[EventDate "2011.01.08"]

1. e4 c5 2. Nc3 e6 3. Bc4 a6 4. a4 Nc6 5. d3 Nf6 6. Ba2 Be7 7. f4 d6 8. Nf3 Qc7
9. O-O Rb8 10. Qe1 b5 11. Qg3 b4 12. Ne2 Nh5 13. Qh3 Nf6 14. g4 h5 15. g5 Nd7
16. g6 fxg6 17. Bxe6 Nf8 18. f5 Nd8 19. Nf4 Bxe6 20. Nxe6 Ndxe6 21. fxe6 Qc8
22. Ng5 Bxg5 23. Bxg5 Nxe6 24. Qg3 Nxg5 25. Qxg5 Qe6 26. e5 d5 27. Rf3 Rf8 28.
Rg3 Rb6 29. Qe3 d4 30. Qe4 Qc6 31. Qe2 Qd5 32. Re1 Rf5 33. e6 Ke7 34. h4 g5 35.
Qe4 Qxe4 36. dxe4 Rxe6 37. c3 g4 38. cxb4 cxb4 39. Rd3 Rd5 40. Kg2 Rdd6 41. Kg3
Rd7 42. e5 Kf7 43. Kf4 Rd5 44. Re4 Rg6 45. Re1 g3 46. Ke4 Ke6 47. Rg1 Rxe5+ 48.
Kf3 Rf5+ 49. Ke2 Rf2+ 50. Ke1 Rxb2 0-1

[Event "IRT Memorial Victorio Riego"]
[Site "Asunción"]
[Date "2011.01.13"]
[Round "8.1"]
[White "Riline, Alejandro"]
[Black "Torres, Mauricio"]
[Result "1/2-1/2"]
[WhiteElo "2218"]
[BlackElo "1605"]
[PlyCount "122"]
[EventDate "2011.01.06"]

1. d4 Nf6 2. c4 g6 3. Nc3 Bg7 4. e4 d6 5. f4 O-O 6. Nf3 c5 7. dxc5 dxc5 8. Be3
Nc6 9. Qxd8 Rxd8 10. Bxc5 b6 11. Ba3 Bb7 12. Be2 e6 13. O-O Ng4 14. Nd1 Nd4 15.
Nxd4 Bxd4+ 16. Kh1 Ne3 17. Nxe3 Bxe3 18. f5 Bxe4 19. fxe6 fxe6 20. Bg4 Bf5 21.
Bf3 Rac8 22. b3 h5 23. Rad1 Rd4 24. Bb2 Rdd8 25. h3 Bg5 26. Rxd8+ Rxd8 27. Rd1
Rxd1+ 28. Bxd1 Bf4 29. b4 Bd3 30. c5 bxc5 31. bxc5 Kf7 32. c6 Ke8 33. Bd4 Kd8
34. Bxa7 Kc7 35. Kg1 Kxc6 36. Kf2 h4 37. Be3 Bg3+ 38. Kf3 Kd5 39. Kg4 Bf5+ 40.
Kg5 Ke4 41. Bc1 Kd3 42. a4 e5 43. a5 e4 44. a6 Bb8 45. Ba4 Ba7 46. Bb5+ Kc2 47.
Bf4 e3 48. Kxh4 Kd1 49. Kg5 Bc2 50. g4 e2 51. Bg3 Be3+ 52. Kf6 e1=Q 53. Bxe1
Kxe1 54. h4 Kf2 55. h5 gxh5 56. gxh5 Kg3 57. Bc6 Kg4 58. h6 Kh5 59. Ke6 Kxh6
60. Kd7 Bd3 61. Bb7 Bxa6 1/2-1/2

[Event "IRT Memorial Victorio Riego"]
[Site "Asunción"]
[Date "2011.01.13"]
[Round "8.2"]
[White "Coronel, Dario"]
[Black "Chaves, Nicolas"]
[Result "1-0"]
[WhiteElo "1982"]
[BlackElo "1794"]
[PlyCount "77"]
[EventDate "2011.01.06"]

1. e4 Nc6 2. c4 e5 3. Nc3 g6 4. Nf3 Bg7 5. Be2 Nge7 6. O-O O-O 7. d3 d6 8. a3
a5 9. Rb1 f5 10. b4 axb4 11. axb4 Be6 12. b5 Nb8 13. Ng5 Bf7 14. Bf3 Qc8 15.
Nxf7 Rxf7 16. exf5 gxf5 17. Nd5 Nd7 18. Bg5 Nf6 19. Bxf6 Bxf6 20. Qd2 Kh8 21.
Nxf6 Rxf6 22. Qg5 Rf7 23. Ra1 Qb8 24. g3 Ra7 25. Bh5 Rg7 26. Qf6 f4 27. Rxa7
Qxa7 28. Bf7 fxg3 29. hxg3 Qd4 30. Qxe7 Rxg3+ 31. Kh2 Rg2+ 32. Kxg2 Qg4+ 33.
Kh2 Qf4+ 34. Kh3 Qf3+ 35. Kh4 Qf4+ 36. Kh5 Qf5+ 37. Qg5 Qh3+ 38. Qh4 Qxf1 39.
Qf6# 1-0

[Event "IRT Memorial Victorio Riego"]
[Site "Asunción"]
[Date "2011.01.13"]
[Round "8.3"]
[White "Gamarra, Ramon"]
[Black "Latorre, Matias"]
[Result "0-1"]
[WhiteElo "2022"]
[BlackElo "2093"]
[PlyCount "80"]
[EventDate "2011.01.06"]

1. c4 g6 2. Nc3 Bg7 3. g3 c5 4. Bg2 Nc6 5. e3 d6 6. Nge2 e5 7. O-O Bg4 8. h3
Be6 9. Nd5 Qd7 10. Kh2 f5 11. d3 h5 12. f4 h4 13. Rb1 Nf6 14. a3 Bxd5 15. cxd5
hxg3+ 16. Kxg3 Ne7 17. Qb3 O-O-O 18. Bd2 e4 19. Nc3 Rh5 20. Qc4 Kb8 21. b4 Rc8
22. Qb5 g5 23. Kf2 gxf4 24. exf4 exd3 25. Qxd3 Ne4+ 26. Nxe4 fxe4 27. Qxe4 Nxd5
28. Qg6 Bd4+ 29. Ke2 Nf6 30. Qg3 Qf5 31. Rfc1 d5 32. Qf3 Rg8 33. Kd1 Rh7 34.
Be1 Re7 35. Bf1 Ne4 36. Rc2 Nf2+ 37. Rxf2 Qxb1+ 38. Kd2 Qb2+ 39. Kd1 Bxf2 40.
Qxd5 Qb1+ 0-1

[Event "IRT Memorial Victorio Riego"]
[Site "Asunción"]
[Date "2011.01.13"]
[Round "8.4"]
[White "Apuril, Jose"]
[Black "Almiron, Antonio"]
[Result "0-1"]
[WhiteElo "1845"]
[BlackElo "2140"]
[PlyCount "38"]
[EventDate "2011.01.06"]

1. d4 c5 2. c3 d5 3. Nf3 Nc6 4. Bf4 cxd4 5. cxd4 Nf6 6. Nc3 e6 7. h3 Qb6 8. Rb1
Bd7 9. e3 Be7 10. Bd3 O-O 11. O-O Rfc8 12. Qe2 Nb4 13. Rfc1 Be8 14. Ne5 Nxd3
15. Qxd3 Nd7 16. Nf3 f6 17. b4 Bg6 18. e4 Qc6 19. exd5 Qxd5 0-1